| Record ID | ia:consumersourcebo0003unse |
| Source | Internet Archive |
| Download MARC XML | https://archive.org/download/consumersourcebo0003unse/consumersourcebo0003unse_marc.xml |
| Download MARC binary | https://www.archive.org/download/consumersourcebo0003unse/consumersourcebo0003unse_meta.mrc |
LEADER: 03458cam 2200541Ia 4500
001 ocn298185326
003 OCoLC
005 20220621042655.0
008 090112s2009 miu r 001 0 eng d
040 $aBTCTA$beng$cBTCTA$dYDXCP$dTXG$dTXBXL$dBDX$dRASMU$dOCLCF$dOCLCO$dOCLCQ$dOCLCO
020 $a9781414439471$q(set)
020 $a1414439474
020 $a9781414466507$q(vol. 1)
020 $a1414466501
020 $a9781414466514$q(vol. 2)
020 $a141446651X
020 $a9781414466521$q(vol. 3)
020 $a1414466528
035 $a(OCoLC)298185326
043 $an-us---
050 14 $aHC110.C63$bC638 2009
082 04 $a381.3/3/02573$222
245 00 $aConsumer sourcebook /$cMatthew Miskelly, project editor.
250 $a23rd ed.
260 $aDetroit :$bGale/Cengage Learning,$c©2009.
300 $a3 volumes ;$c28 cm
336 $atext$btxt$2rdacontent
337 $aunmediated$bn$2rdamedia
338 $avolume$bnc$2rdacarrier
500 $a"A subject guide to over 28,000 federal, state, and local government agencies and offices, national, regional, and grassroots associations and organizations, information centers, clearinghouses, publications, Internet resources, multimedia resources, media contacts, corporate contacts and related consumer resources in the fields of general consumerism, automotive matters, credit and personal finance, education, employment, environmental concerns, food and drugs, government performance, health care and promotion, insurance, legal affairs, manufactured goods and product safety, mass communications, real estate and construction, retail and commercial concerns, transportation and travel, utilities."
500 $aIncludes index.
505 0 $av. 1 Sections 1-8 -- v. 2. Sections 9-10 -- v. 3. Sections 11-17, appendixes and index.
520 $aA subject guide to over 28,000 federal, state, and local government agencies and offices, national, regional, and grassroots associations and organizations, information centers, clearinghouses, publications, Internet resources, multimedia resources, media contacts, corporate contacts and related consumer resources in the fields of general consumerism, automotive matters, credit and personal finance, education, employment, environmental concerns, food and drugs, government performance, health care and promotion, insurance, legal affairs, manufactured goods and product safety, mass communications, real estate and construction, retail and commercial concerns, transportation and travel, utilities.
650 0 $aConsumer protection$zUnited States$xInformation services$vDirectories.
650 0 $aConsumer education$zUnited States$xInformation services$vDirectories.
650 6 $aConsommateurs$xProtection$zÉtats-Unis$xServices d'information$vRépertoires.
650 6 $aConsommateurs$xÉducation$zÉtats-Unis$xServices d'information$vRépertoires.
650 7 $aConsumer education$xInformation services.$2fast$0(OCoLC)fst00876308
650 7 $aConsumer protection$xInformation services.$2fast$0(OCoLC)fst00876369
651 7 $aUnited States.$2fast$0(OCoLC)fst01204155
655 7 $aDirectories.$2fast$0(OCoLC)fst01423796
700 1 $aMiskelly, Matthew.
710 2 $aGale (Firm)
938 $aBrodart$bBROD$n09620443$c$450.00
938 $aBaker and Taylor$bBTCP$nBK0008144109
938 $aYBP Library Services$bYANK$n3063288
994 $aZ0$bIME
948 $hNO HOLDINGS IN IME - 7 OTHER HOLDINGS